<?xml version="1.0" encoding="UTF-8"?><?xml-stylesheet type="text/xsl" href="static/style.xsl"?><OAI-PMH xmlns="http://www.openarchives.org/OAI/2.0/" xmlns:xsi="http://www.w3.org/2001/XMLSchema-instance" xsi:schemaLocation="http://www.openarchives.org/OAI/2.0/ http://www.openarchives.org/OAI/2.0/OAI-PMH.xsd"><responseDate>2026-04-13T07:25:00Z</responseDate><request verb="GetRecord" identifier="oai:www.recercat.cat:10256/23951" metadataPrefix="marc">https://recercat.cat/oai/request</request><GetRecord><record><header><identifier>oai:recercat.cat:10256/23951</identifier><datestamp>2024-05-22T11:39:22Z</datestamp><setSpec>com_2072_452966</setSpec><setSpec>com_2072_2054</setSpec><setSpec>col_2072_452968</setSpec></header><metadata><record xmlns="http://www.loc.gov/MARC21/slim" xmlns:dcterms="http://purl.org/dc/terms/" xmlns:xsi="http://www.w3.org/2001/XMLSchema-instance" xmlns:doc="http://www.lyncode.com/xoai" xsi:schemaLocation="http://www.loc.gov/MARC21/slim http://www.loc.gov/standards/marcxml/schema/MARC21slim.xsd">
   <leader>00925njm 22002777a 4500</leader>
   <datafield ind2=" " ind1=" " tag="042">
      <subfield code="a">dc</subfield>
   </datafield>
   <datafield ind2=" " ind1=" " tag="720">
      <subfield code="a">López Lizán, Juan</subfield>
      <subfield code="e">author</subfield>
   </datafield>
   <datafield ind2=" " ind1=" " tag="260">
      <subfield code="c">2023-09-01</subfield>
   </datafield>
   <datafield ind2=" " ind1=" " tag="520">
      <subfield code="a">El primer paso en este trabajo, consistió en realizar una síntesis verde de nanopartículas de hierro cero usando ácido tánico y citrato de sodio como agentes estabilizadores i reductores respectivamente. Este primer experimento se llevó a cabo con condiciones encontradas en la bibliografía, siendo estas una solución de hierro al 0,05M y otra de ácido tánico al 4,1 mM junto con citrato de sodio al 180 mM, relación de volúmenes entre la solución de hierro y la solución de agentes reductor y estabilizante de 2/3, temperatura a 100ºC y sin presencia de oxígeno</subfield>
   </datafield>
   <datafield ind2=" " ind1=" " tag="520">
      <subfield code="a">The first step in this work was to carry out a green synthesis of iron nanoparticles using tannic acid and sodium citrate as stabilizing and reducing agents respectively. This first experiment was carried out with conditions found in the bibliography, being a solution of iron at 0.05M and another of tannic acid at 4.1 mM together with sodium citrate at 180 mM, volume ratio between the solution of iron and the solution of reducing and stabilizing agents of 2/3, temperature at 100ºC and without the presence of oxygen</subfield>
   </datafield>
   <datafield ind1="8" ind2=" " tag="024">
      <subfield code="a">http://hdl.handle.net/10256/23951</subfield>
   </datafield>
   <datafield tag="653" ind2=" " ind1=" ">
      <subfield code="a">Nanopartícules</subfield>
   </datafield>
   <datafield tag="653" ind2=" " ind1=" ">
      <subfield code="a">Nanoparticles</subfield>
   </datafield>
   <datafield tag="653" ind2=" " ind1=" ">
      <subfield code="a">Response surface methodology</subfield>
   </datafield>
   <datafield tag="653" ind2=" " ind1=" ">
      <subfield code="a">Central Composite Design</subfield>
   </datafield>
   <datafield tag="653" ind2=" " ind1=" ">
      <subfield code="a">Nanofibres</subfield>
   </datafield>
   <datafield tag="653" ind2=" " ind1=" ">
      <subfield code="a">Nanofibers</subfield>
   </datafield>
   <datafield ind2="0" ind1="0" tag="245">
      <subfield code="a">Síntesis verde de nanopartículas de hierro cero: condiciones de síntesis para obtener nanopartículas idóneas para integrar en envases alimentarios</subfield>
   </datafield>
</record></metadata></record></GetRecord></OAI-PMH>